书目信息 |
| 题名: |
现代公路工程爆破
|
|
| 作者: | 刘运通 , 高文学 , 刘宏刚 编著 | |
| 分册: | ||
| 出版信息: | 北京 人民交通出版社 2006.01 |
|
| 页数: | 446页 | |
| 开本: | 23cm | |
| 丛书名: | ||
| 单 册: | ||
| 中图分类: | U416.1 | |
| 科图分类: | ||
| 主题词: | 道路工程--dao lu gong cheng--爆破技术 | |
| 电子资源: | ||
| ISBN: | 7-114-05914-0 | |
| 000 | 00933nam0 2200253 450 | |
| 001 | 012006324797 | |
| 005 | 20060422153956.03 | |
| 010 | @a7-114-05914-0@dCNY52.00 | |
| 100 | @a20060422d2006 km y0chiy0120 ea | |
| 101 | 0 | @achi |
| 102 | @aCN@b110000 | |
| 105 | @aa a 000yy | |
| 200 | 1 | @a现代公路工程爆破@Axian dai gong lu gong cheng bao po@f刘运通, 高文学, 刘宏刚编著@Fliu yun tong,gao wen xue,liu hong gang bian zhu |
| 210 | @a北京@c人民交通出版社@d2006.01 | |
| 215 | @a446页@c图@d23cm | |
| 320 | @a有书目 (第442-446页)。 | |
| 330 | @a本书主要内容包括:深孔爆破、硐室爆破、边坡控制爆破、路堑一次成型爆破、结构物基础爆破,以及工程爆破基础知识和爆破安全技术等。 | |
| 606 | 0 | @a道路工程@Adao lu gong cheng@x爆破技术 |
| 690 | @aU416.1@v4 | |
| 701 | 0 | @a刘运通@Aliu yun tong@4编著 |
| 701 | 0 | @a高文学@Agao wen xue@4编著 |
| 701 | 0 | @a刘宏刚@Aliu hong gang@4编著 |
| 801 | 0 | @aCN@bQSSK@c20060422 |
| 905 | @a10447@dU416.1@eL716 | |
| 现代公路工程爆破/刘运通, 高文学, 刘宏刚编著.-北京:人民交通出版社,2006.01 |
| 446页:图;23cm |
| ISBN 7-114-05914-0:CNY52.00 |
| 本书主要内容包括:深孔爆破、硐室爆破、边坡控制爆破、路堑一次成型爆破、结构物基础爆破,以及工程爆破基础知识和爆破安全技术等。 |
| ● |
| 相关链接 |
|
|
|
正题名:现代公路工程爆破
索取号:U416.1/L716
 
预约/预借
| 序号 | 登录号 | 条形码 | 馆藏地/架位号 | 状态 | 备注 |
| 1 | 558438 | 205584385 | 自科库501/501自科库 53排1列4层/ [索取号:U416.1/L716] | 在馆 | |
| 2 | 558439 | 205584394 | 自科库501/501自科库 53排1列4层/ [索取号:U416.1/L716] | 在馆 | |
| 3 | 558440 | 205584401 | 自科库501/501自科库 53排1列4层/ [索取号:U416.1/L716] | 在馆 |